000 00592nam a2200229Ia 4500
003 BUBTL
008 151213s9999 xx 000 0 und d
020 _a05820147400
082 _a425/ P1821e/ 1988
100 _aPalmer, F. R.
_94811
245 _aThe English Verb :
_cF. R. Palmer
250 _a2nd Edn
260 _aLondon / New York
_bLongman
_cc1988
300 _ax,268p. :
_b20 cm
500 _aIncludes Index
650 _aEnglish
650 _a
700 _aF. R. Palmer
_94832
856 _k0
_l0
_yDownload
942 _2ddc
_cBK
999 _c4690
_d4690